Gaming Quiz

Random Gaming or Card Games Quiz

FE0: Illusory Revelations Setlist Quiz Stats

 Plays Quiz not verified by Sporcle

Support Sporcle.
Go Orange.
Score 0/101 Timer 15:00
0 Plays Today
Card Number Character % Correct
B04-018SRMarth
90.9%
B04-019HNMarth
90.9%
B04-063SRLucina
90.9%
B04-064HNLucina
90.9%
B04-085ROwain
86.4%
B04-086NOwain
86.4%
B04-004NCaeda
81.8%
B04-017HNTiki
81.8%
B04-017HNXTiki
81.8%
B04-065SRRobin (Male)
81.8%
B04-066HNRobin (Male)
81.8%
B04-087RInigo
81.8%
B04-088NInigo
81.8%
B04-091NKjelle
81.8%
B04-094SRSevera
81.8%
B04-095NSevera
81.8%
B04-054NChrom
77.3%
B04-069NPanne
77.3%
B04-072SRCordelia
77.3%
B04-073HNCordelia
77.3%
B04-092RCynthia
77.3%
B04-093NCynthia
77.3%
B04-096NYarne
77.3%
B04-097NLaurent
77.3%
B04-098HNNah
77.3%
B04-008NCain
72.7%
B04-058NTharja
72.7%
B04-074NGregor
72.7%
B04-083RMorgan (Female)
72.7%
B04-084NMorgan (Female)
72.7%
B04-089HNBrady
72.7%
B04-090NBrady
72.7%
B04-001SRTsubasa Oribe
68.2%
B04-002NTsubasa Oribe
68.2%
Card Number Character % Correct
B04-003HNTsubasa Oribe
68.2%
B04-012NDraug
68.2%
B04-062NVirion
68.2%
B04-076RSay'ri
68.2%
B04-077NSay'ri
68.2%
B04-016NNavarre
63.6%
B04-026NPalla
63.6%
B04-027NCatria
63.6%
B04-028NEst
63.6%
B04-067SRLon'qu
63.6%
B04-068HNLon'qu
63.6%
B04-070RGaius
63.6%
B04-071NGaius
63.6%
B04-075NLibra
63.6%
B04-047RMichalis
59.1%
B04-051SRItsuki Aoi
59.1%
B04-052NItsuki Aoi
59.1%
B04-053HNItsuki Aoi
59.1%
B04-078NBasilio
59.1%
B04-079NFlavia
59.1%
B04-020NOgma
54.5%
B04-036SRMinerva
54.5%
B04-037NMinerva
54.5%
B04-029RJulian
50%
B04-030NJulian
50%
B04-031RSirius
50%
B04-032NSirius
50%
B04-038RMerric
50%
B04-039NMerric
50%
B04-044SRHardin
50%
B04-045RHardin
50%
B04-046HNHardin
50%
B04-055RKiria Kurono
50%
B04-056NKiria Kurono
50%
Card Number Character % Correct
B04-057HNKiria Kurono
50%
B04-099HNEmma
50%
B04-100HNShade
50%
B04-005SRTouma Akagi
45.5%
B04-006NTouma Akagi
45.5%
B04-007HNTouma Akagi
45.5%
B04-009RMamori Minamoto
45.5%
B04-010NMamori Minamoto
45.5%
B04-011HNMamori Minamoto
45.5%
B04-013RYashiro Tsurugi
45.5%
B04-014NYashiro Tsurugi
45.5%
B04-015HNYashiro Tsurugi
45.5%
B04-041NWolf
45.5%
B04-042NSedgar
45.5%
B04-049HNYuzu
45.5%
B04-050HNYuzu
45.5%
B04-059REleonora Yumizuru
45.5%
B04-060NEleonora Yumizuru
45.5%
B04-061HNEleonora Yumizuru
45.5%
B04-080HNDonnel
45.5%
B04-081NDonnel
45.5%
B04-082NDonnel
45.5%
B04-021HNYuliya
40.9%
B04-022NYuliya
40.9%
B04-023HNJubelo
40.9%
B04-024NJubelo
40.9%
B04-040NRoshea
40.9%
B04-043NVyland
40.9%
B04-025NMarisha
31.8%
B04-035RPhina
31.8%
B04-048SRNyna
31.8%
B04-033HNSamuel
22.7%
B04-034NSamuel
22.7%

You're not logged in!

Compare scores with friends on all Sporcle quizzes.
OR
Log In

From the Vault

Same Named Celebrities by Picture III

by qlh27

Some of these celebs look like they could actually be related - others, not so much.
Remove Ads.
Support Sporcle.
Get the best of Sporcle when you Go Orange. This ad-free experience offers more features, more stats, and more fun while also helping to support Sporcle. Thank you for becoming a member.

Show Comments

Extras

Top Quizzes Today


Score Distribution

Your Account Isn't Verified!

In order to create a playlist on Sporcle, you need to verify the email address you used during registration. Go to your Sporcle Settings to finish the process.

Report this User

Report this user for behavior that violates our Community Guidelines.

Details: